El dios / (Record no. 181907)

MARC details
000 -LEADER
campo de control de longitud fija 00793nam a2200241 i 4500
001 - NÚMERO DE CONTROL
campo de control 181907
003 - IDENTIFICADOR DE NÚMERO DE CONTROL
campo de control ES-MaACL
005 - FECHA Y HORA DE LA ÚLTIMA TRANSACCIÓN
campo de control 20231019172552.0
008 - DATOS DE LONGITUD FIJA--INFORMACIÓN GENERAL
campo de control de longitud fija 130506s2012 sp | |||||||| | spa d
020 ## - NÚMERO INTERNACIONAL ESTÁNDAR DEL LIBRO
Número Internacional Estándar del Libro 978-84-15449-57-7
080 ## - NÚMERO DE LA CLASIFICACIÓN DECIMAL UNIVERSAL
Número de la Clasificación Decimal Universal 821.134.2-31"19"
100 1# - ENTRADA PRINCIPAL--NOMBRE DE PERSONA
Nombre de persona González-Castán, Oscar L.
9 (RLIN) 58500
245 13 - MENCIÓN DEL TÍTULO
Título El dios /
Mención de responsabilidad, etc. Óscar L. González-Castán.
250 ## - MENCION DE EDICION
Mención de edición 1ª ed.
260 ## - PUBLICACIÓN, DISTRIBUCIÓN, ETC.
Lugar de publicación, distribución, etc. Aranjuez, Madrid :
Nombre del editor, distribuidor, etc. Atlantis,
Fecha de publicación, distribución, etc. 2012.
300 ## - DESCRIPCIÓN FÍSICA
Extensión 273 p. ;
Dimensiones 21 cm.
490 1# - MENCIÓN DE SERIE
Mención de serie Narrativa
830 0# - PUNTO DE ACCESO ADICIONAL DE SERIE-TÍTULO UNIFORME
Título uniforme Narrativa
9 (RLIN) 177839
852 ## - LOCALIZACIÓN
Ubicación ES-MaACL
Número de control de estantería N-5606
Nota libre Dedicatoria autógrafa del autor
itemnumber 188815
Sublocalización o colección R.148770
Ubicación en estantería Depósito 1
Signatura antigua Olim: N-5606
Encuadernación Donación: Óscar L. González-Castán
903 ## - NOMBRE PERSONAL DE DONANTE
9 58500
a González-Castán, Oscar L.
e Donante
942 ## - ELEMENTOS DE ENTRADA SECUNDARIOS (KOHA)
Fuente del sistema de clasificación o colocación Clasificación decimal universal
Tipo de ítem Koha Libro impreso
Holdings
Estatus retirado Estado de pérdida Fuente del sistema de clasificación o colocación Estado de daño No para préstamo Colección Biblioteca de origen Biblioteca actual Ubicación en estantería Fecha de adquisición Fuente de adquisición Total de préstamos Signatura topográfica completa Código de barras Visto por última vez Precio de reemplazo Tipo de ítem Koha Nota pública
    Clasificación decimal universal     Libros con dedicatorias Biblioteca del Ateneo de Madrid Biblioteca del Ateneo de Madrid Depósito 1 06/05/2013 Donación   A-12603 1191165 23/02/2023 23/02/2023 Libro impreso Dedicatoria autógrafa del autor